| 000 | 01227nam0a2200313 4500 | ||
|---|---|---|---|
| 001 | RU\NLR\BIBL_A\012146627 | ||
| 005 | 20191212161655.0 | ||
| 010 | _a978-5-88429-252-9 | ||
| 021 |
_aRU _bКН-П-19-079423 _9КН-П-19-5756 |
||
| 035 | _a(NLR Aleph) 012146627 | ||
| 035 | _a(RuMoRGB)010129427 | ||
| 090 |
_a12125312 _c12125312 |
||
| 100 | _a20191126d2019 u y0rusy50 ca | ||
| 101 | 0 | _arus | |
| 102 | _aRU | ||
| 105 | _aa|||zzzz000zy | ||
| 200 | 1 |
_aУльтразвуковая диагностика приобретенных пороков сердца _fЛ. О. Глазун |
|
| 210 |
_aМосква _cВидар-М _d2019 |
||
| 215 |
_a285 с. _cил., цв. ил. _d24 |
||
| 300 | _aНа обороте тит.л. авт.: Л. О. Глазун, д.м.н., проф. | ||
| 320 | _aБиблиогр.: с. 283-284 (23 назв.) | ||
| 606 | 1 |
_aПороки сердца приобретенные _xУльтразвуковая диагностика _92432149 _3RU\NLR\AUTH\6601665757 |
|
| 686 | 1 | _aР410.105.08-433.9 | |
| 700 | 1 |
_aГлазун _bЛ. О. _gЛюдмила Олеговна |
|
| 942 | _cBOOK | ||
| 980 | _aNBR | ||
| 980 | _aNB | ||